[Event "3rd Al Ain Chess Classic"]
[Site "Al-Ain UAE"]
[Date "2014.12.19"]
[Round "1.1"]
[White "Kryvoruchko, Yuriy"]
[Black "Mirzoeva, Elmira"]
[Result "1-0"]
[WhiteTitle "GM"]
[BlackTitle "WGM"]
[WhiteElo "2671"]
[BlackElo "2246"]
[WhiteFideId "14109182"]
[BlackFideId "4127951"]
[EventDate "2014.12.19"]

1. e4 c6 2. d4 d5 3. e5 Bf5 4. Nf3 e6 5. Be2 Ne7 6. c3 Bg6 7. Nh4 Nf5 8. Nxg6
hxg6 9. Nd2 c5 10. Nf3 Nc6 11. O-O cxd4 12. cxd4 Qb6 13. Be3 Be7 14. Rb1 f6 15.
exf6 gxf6 16. b4 Kf7 17. b5 Na5 18. Bd3 Rac8 19. Qe2 Nc4 20. Rfe1 Rhe8 21. g4
Nfd6 22. Bh6 Bd8 23. h4 e5 24. dxe5 Nxe5 25. h5 gxh5 26. gxh5 Ne4 27. Bxe4 Nxf3+
28. Qxf3 dxe4 29. Rxe4 Rxe4 30. Qxe4 Qe6 31. Qg6+ Ke7 32. Rd1 Rc7 33. Qg7+ 1-0

[Event "3rd Al Ain Chess Classic"]
[Site "Al-Ain UAE"]
[Date "2014.12.19"]
[Round "1.2"]
[White "Hojjatova, Aydan"]
[Black "Kuzubov, Yuriy"]
[Result "0-1"]
[WhiteTitle "WCM"]
[BlackTitle "GM"]
[WhiteElo "2217"]
[BlackElo "2701"]
[WhiteFideId "13401491"]
[BlackFideId "14112906"]
[EventDate "2014.12.19"]

1. e4 c5 2. Nf3 d6 3. Bb5+ Nc6 4. O-O Bd7 5. Re1 Nf6 6. c3 a6 7. Bf1 e5 8. h3
Be7 9. d4 Qc7 10. Na3 O-O 11. Nc2 Rfe8 12. Bg5 cxd4 13. cxd4 Rac8 14. Rc1 Qa5
15. b4 Qd8 16. Qd2 h6 17. Bxf6 Bxf6 18. d5 Nb8 19. Ne3 b5 20. Rxc8 Qxc8 21. Rc1
Qb7 22. Be2 Rc8 23. Bd1 Bd8 24. Ne1 Bb6 25. Bg4 Rxc1 26. Qxc1 Be8 27. Nf5 Qc7
28. Qxc7 Bxc7 29. Ne3 g6 30. Kf1 h5 31. Bd1 Nd7 32. Ke2 Bb6 33. Bb3 Kg7 34. N1c2
Nf6 35. Kf3 Bd7 36. Ne1 Kh6 37. Bc2 Ng8 38. Ke2 Ne7 39. Nf3 Kg7 40. Nd2 f5 41.
Bd3 Kf6 42. Nc2 Ng8 43. a4 bxa4 44. Bxa6 Ke7 45. Nc4 Ba7 46. f3 Nf6 47. Kd3
fxe4+ 48. fxe4 Nxe4 49. Na5 Bb6 50. Nc4 Bg1 51. Nb2 Bf5 52. Ke2 Nc3+ 53. Kd2
Nxd5 0-1

[Event "3rd Al Ain Chess Classic"]
[Site "Al-Ain UAE"]
[Date "2014.12.19"]
[Round "1.3"]
[White "Zhigalko, Sergei"]
[Black "Andrenko, Irina"]
[Result "1-0"]
[WhiteTitle "GM"]
[BlackTitle "WIM"]
[WhiteElo "2672"]
[BlackElo "2202"]
[WhiteFideId "13502956"]
[BlackFideId "14118270"]
[EventDate "2014.12.19"]

1. e4 g6 2. d4 Bg7 3. Nc3 d6 4. Be3 a6 5. a4 Nc6 6. d5 Ne5 7. f4 Nd7 8. Nf3 Ngf6
9. Be2 O-O 10. O-O e6 11. dxe6 fxe6 12. Bc4 Qe7 13. Ng5 Nb6 14. Bxb6 cxb6 15.
Qd3 Bd7 16. Rad1 Rac8 17. Bb3 Rc6 18. Qh3 Re8 19. f5 gxf5 20. exf5 d5 21. fxe6
Qc5+ 22. Kh1 Bxe6 23. Nxe6 Rcxe6 24. Nxd5 Kh8 25. Nf4 Ne4 26. Bxe6 1-0

[Event "3rd Al Ain Chess Classic"]
[Site "Al-Ain UAE"]
[Date "2014.12.19"]
[Round "1.4"]
[White "Berezina, Irina"]
[Black "Areshchenko, Alexander"]
[Result "0-1"]
[WhiteTitle "IM"]
[BlackTitle "GM"]
[WhiteElo "2200"]
[BlackElo "2666"]
[WhiteFideId "3201937"]
[BlackFideId "14109530"]
[EventDate "2014.12.19"]

1. d4 Nf6 2. Nf3 g6 3. c4 Bg7 4. Nc3 O-O 5. g3 c6 6. Bg2 d6 7. O-O Qa5 8. Qc2
Be6 9. b3 d5 10. c5 Nbd7 11. Bd2 Qa6 12. Rfe1 Bf5 13. Qc1 Ne4 14. Bf1 b6 15. e3
Qb7 16. cxb6 axb6 17. Nh4 Be6 18. Nxe4 dxe4 19. Bc3 g5 20. Ng2 Bd5 21. Qb2 f5
22. Rec1 Nf6 23. a4 e6 24. b4 Rfc8 25. Rcb1 b5 26. axb5 Rxa1 27. Rxa1 cxb5 28.
Ne1 Ne8 29. Ra5 Qc6 30. Bd2 Nd6 31. Qa1 Nc4 32. Bxc4 Qxc4 33. Qd1 h6 34. Ra7 Rc7
35. Ra5 Bf8 36. Ra1 Qc6 37. Qh5 Kg7 38. Ng2 Qc2 39. Be1 Be7 40. h4 Qc6 41. Bd2
Qd7 42. Be1 Bf6 43. Ra5 Bc4 44. Bd2 Qf7 45. Qxf7+ Kxf7 46. hxg5 hxg5 47. Ne1 Be2
48. Ra6 e5 49. Kg2 Rd7 50. Rc6 Bc4 51. Kg1 Ra7 52. Kg2 Ra2 53. Rc7+ Kg6 54. Bc3
exd4 0-1

[Event "3rd Al Ain Chess Classic"]
[Site "Al-Ain UAE"]
[Date "2014.12.19"]
[Round "1.5"]
[White "Mamedov, Rauf"]
[Black "Derakhshani, Dorsa"]
[Result "1/2-1/2"]
[WhiteTitle "GM"]
[BlackTitle "WFM"]
[WhiteElo "2658"]
[BlackElo "2188"]
[WhiteFideId "13401653"]
[BlackFideId "12500330"]
[EventDate "2014.12.19"]

1. e4 e5 2. Nc3 Nc6 3. g3 Bc5 4. Bg2 d6 5. d3 h5 6. h3 Nge7 7. Nge2 Be6 8. Nd5
h4 9. g4 Nd4 10. Nxd4 Bxd4 11. c3 Bc5 12. d4 Bb6 13. O-O Ng6 14. a4 c6 15. Nxb6
axb6 16. Be3 c5 17. b4 Qc7 18. Qd2 O-O 19. Rfb1 Rfc8 20. Qb2 Bd7 21. bxc5 bxc5
22. Qxb7 Qxb7 23. Rxb7 Rxa4 24. Rxa4 Bxa4 25. d5 Kf8 26. Bf1 Rd8 27. Bg5 f6 28.
Bd2 Nf4 29. Ra7 Bd1 30. Kh2 Rb8 31. Ra6 Ke7 32. Ra7+ Kf8 33. Ra6 Ke7 34. Ra7+ 1/2-1/2

[Event "3rd Al Ain Chess Classic"]
[Site "Al-Ain UAE"]
[Date "2014.12.19"]
[Round "1.6"]
[White "Soozankar, A.M."]
[Black "Petrosian, Tigran L."]
[Result "0-1"]
[WhiteTitle "FM"]
[BlackTitle "GM"]
[WhiteElo "2183"]
[BlackElo "2651"]
[WhiteFideId "12503029"]
[BlackFideId "13301616"]
[EventDate "2014.12.19"]

1. e4 d6 2. d4 g6 3. Nc3 Bg7 4. f4 a6 5. a4 Nf6 6. e5 Nfd7 7. Nf3 c5 8. dxc5
Nxc5 9. exd6 exd6 10. Bc4 Qe7+ 11. Be2 Bxc3+ 12. bxc3 Ne4 13. Bb2 O-O 14. O-O
Nxc3 15. Bxc3 Qe3+ 16. Kh1 Qxc3 17. Qxd6 Nc6 18. Ne5 Nxe5 19. Qxe5 Qxe5 20. fxe5
Be6 21. Rab1 Rac8 22. c4 Rc7 23. Rb2 Re8 24. Bf3 Bc8 25. Bd5 Rxe5 26. Rb6 Be6
27. Bxb7 Bxc4 28. Ra1 a5 29. h3 Be6 30. Bf3 Rc4 31. Rb5 Rec5 32. Rd1 Kg7 33. Rd6
Rf5 34. Rb7 Re5 35. Rb5 Kf6 36. Bg4 Rxa4 37. Bxe6 Ra1+ 0-1

[Event "3rd Al Ain Chess Classic"]
[Site "Al-Ain UAE"]
[Date "2014.12.19"]
[Round "1.7"]
[White "Sokolov, Ivan"]
[Black "Nandhidhaa, PV"]
[Result "1-0"]
[WhiteTitle "GM"]
[WhiteElo "2645"]
[BlackElo "2177"]
[WhiteFideId "14400030"]
[BlackFideId "5050847"]
[EventDate "2014.12.19"]

1. d4 Nf6 2. c4 e6 3. Nf3 d5 4. Nc3 Be7 5. Bf4 O-O 6. e3 c6 7. Qc2 Nbd7 8. Bd3
dxc4 9. Bxc4 Nb6 10. Be2 Nbd5 11. Bg3 c5 12. O-O cxd4 13. Nxd4 Nxc3 14. bxc3 Bd6
15. Bh4 h6 16. Rfd1 Qe7 17. Rab1 g5 18. Nb5 Bb8 19. Bg3 Bxg3 20. hxg3 Bd7 21.
Nd6 Bc6 22. Rd4 Rfd8 23. Rbd1 Nd5 24. Nxf7 Qxf7 25. c4 Rf8 26. cxd5 Bxd5 27. f3
Rac8 28. Qd2 Rc7 29. e4 Bc6 30. Bc4 Kg7 31. Rd6 Re8 32. Bb3 Qf6 33. Qe3 Qe5 34.
Qxa7 g4 35. Qd4 Qxd4+ 36. R1xd4 e5 37. Rc4 Rce7 38. Kf2 Rf8 39. Ke3 gxf3 40.
gxf3 Ref7 41. Bd1 Rf6 42. Rd2 Rg6 43. g4 Rg5 44. a4 h5 45. gxh5 Rxh5 46. a5 Rf6
47. Rc5 Kf7 48. Rdc2 Rd6 49. Be2 Ba4 50. Rc7+ Kf6 51. Rb2 Bd1 52. Bc4 Rh1 53.
Rg2 1-0

[Event "3rd Al Ain Chess Classic"]
[Site "Al-Ain UAE"]
[Date "2014.12.19"]
[Round "1.8"]
[White "Feldman, Vladimir"]
[Black "Shankland, Samuel L"]
[Result "0-1"]
[WhiteTitle "IM"]
[BlackTitle "GM"]
[WhiteElo "2168"]
[BlackElo "2642"]
[WhiteFideId "3201791"]
[BlackFideId "2004887"]
[EventDate "2014.12.19"]

1. d4 d5 2. Nf3 Nf6 3. g3 Bf5 4. Bg2 e6 5. O-O Bd6 6. c4 c6 7. Qb3 Qb6 8. Nc3
Na6 9. Qxb6 axb6 10. cxd5 exd5 11. a3 O-O 12. Bf4 Bxf4 13. gxf4 b5 14. Ne5 Ne8
15. a4 b4 16. Na2 Nd6 17. b3 Rfe8 18. e3 Ne4 19. Bxe4 Bxe4 20. Rac1 Rad8 21.
Rfd1 Rd6 22. f3 Bf5 23. Kf2 Rh6 24. Rh1 f6 25. Ng4 Rg6 26. h4 Bxg4 27. fxg4 Rxg4
28. h5 Re4 29. Kf3 f5 30. Rc2 c5 31. Rd1 Rh4 32. dxc5 Rh3+ 33. Kg2 Rhxe3 34. Nc1
Rc3 35. Rxc3 bxc3 36. Rxd5 Re1 37. Nd3 c2 38. Kf2 Rd1 39. Rd8+ Kf7 40. Ne5+ Ke7 0-1

[Event "3rd Al Ain Chess Classic"]
[Site "Al-Ain UAE"]
[Date "2014.12.19"]
[Round "1.9"]
[White "Lupulescu, Constantin"]
[Black "Huseynov, Shahin"]
[Result "1-0"]
[WhiteTitle "GM"]
[WhiteElo "2640"]
[BlackElo "2162"]
[WhiteFideId "1207822"]
[BlackFideId "13401106"]
[EventDate "2014.12.19"]

1. Nf3 d5 2. d4 Nf6 3. c4 c6 4. Nbd2 g6 5. e3 Bg7 6. Bd3 O-O 7. O-O Bf5 8. Bxf5
gxf5 9. Ne5 Nbd7 10. Nd3 e6 11. Qc2 Ne4 12. f3 Nxd2 13. Bxd2 dxc4 14. Qxc4 c5
15. Nxc5 Nxc5 16. Qxc5 f4 17. Rac1 b6 18. Qc4 Qf6 19. Kh1 fxe3 20. Bxe3 Rfd8 21.
Qc6 Qf5 22. Rfd1 Qd5 23. Qxd5 Rxd5 24. Rd2 Rad8 25. Rcd1 h5 26. Kg1 Kh7 27. Kf2
Kg6 28. f4 Kf5 29. Kf3 Bf6 30. g3 R5d7 31. h3 Bg7 32. g4+ hxg4+ 33. hxg4+ Kg6
34. Rg2 Kh7 35. Ke4 Rd5 36. Rh2+ Kg8 37. g5 Kf8 38. Rc2 a5 39. b3 b5 40. Rdd2
Kg8 41. Rc5 Bf8 42. Rxd5 Rxd5 43. Rc2 Kg7 44. Rc8 Bb4 45. Rb8 Bc3 46. Kd3 Bb4
47. Ke4 Bc3 48. Rc8 Bb4 49. Bc1 Be7 50. Bd2 b4 51. Rc7 Bf8 52. Ra7 Kg6 53. Be3
Kg7 54. Ra8 Be7 55. Re8 Bd6 56. Rd8 f5+ 57. gxf6+ Kxf6 58. Rd7 Kg6 59. Bd2 Kf6
60. Be1 Bb8 61. Bh4+ Kg6 62. Rxd5 exd5+ 63. Kxd5 1-0

[Event "3rd Al Ain Chess Classic"]
[Site "Al-Ain UAE"]
[Date "2014.12.19"]
[Round "1.10"]
[White "Khalafova, Narmin"]
[Black "Gupta, Abhijeet"]
[Result "0-1"]
[WhiteTitle "WFM"]
[BlackTitle "GM"]
[WhiteElo "2161"]
[BlackElo "2632"]
[WhiteFideId "13402625"]
[BlackFideId "5010608"]
[EventDate "2014.12.19"]

1. e4 c5 2. Nf3 d6 3. d4 cxd4 4. Nxd4 Nf6 5. Nc3 Nc6 6. h3 e6 7. g4 Be7 8. Bg2
Nd7 9. Be3 O-O 10. Qd2 a6 11. O-O Nde5 12. b3 Nxd4 13. Bxd4 Ng6 14. Rad1 Bd7 15.
f4 Rc8 16. f5 Nh4 17. Bh1 Bc6 18. f6 Bxf6 19. Rxf6 e5 20. Rf2 exd4 21. Qxd4 Qa5
22. a4 h5 23. Nd5 Bxd5 24. Qxd5 Rc5 25. Qxd6 hxg4 26. hxg4 Rc6 27. Qg3 Ng6 28.
c4 Re6 29. e5 Rxe5 30. Bxb7 Qb6 31. Bd5 Re3 32. Qh2 Qxb3 33. Rd4 Rg3+ 34. Bg2
Ne5 35. Qh5 Nf3+ 36. Rxf3 Qxf3 0-1

[Event "3rd Al Ain Chess Classic"]
[Site "Al-Ain UAE"]
[Date "2014.12.19"]
[Round "1.11"]
[White "Mchedlishvili, Mikheil"]
[Black "Aliyev, Elnur"]
[Result "1/2-1/2"]
[WhiteTitle "GM"]
[WhiteElo "2625"]
[BlackElo "2141"]
[WhiteFideId "13600966"]
[BlackFideId "13402617"]
[EventDate "2014.12.19"]

1. d4 d6 2. Nf3 Nf6 3. c4 g6 4. g3 Bg7 5. Bg2 O-O 6. O-O c5 7. d5 e6 8. Nc3 exd5
9. cxd5 Re8 10. Bf4 a6 11. a4 Ne4 12. Nxe4 Rxe4 13. Nd2 Rb4 14. b3 Rxf4 15. gxf4
Bxa1 16. Qxa1 Qh4 17. Ne4 Nd7 18. Nxd6 Qxf4 19. Ne4 a5 20. e3 Qh6 21. d6 Qg7 22.
Qc1 Ra6 23. Rd1 b6 24. Nc3 Nf8 25. Nd5 Bg4 26. Rd2 Be6 27. Bf1 Ra7 28. Nxb6 Rb7
29. Qxc5 Qa1 30. Rc2 Qd1 31. Rc1 Qg4+ 32. Bg2 Rxb6 33. Qxb6 Bd5 34. e4 Bxe4 35.
f3 Bxf3 36. Qf2 Bxg2 37. Qxg2 Qd4+ 38. Qf2 Qxd6 39. Qe3 h5 40. Rc4 Ne6 41. h4
Kh7 42. Kf2 Ng7 43. Qd4 Qh2+ 44. Ke1 Qg3+ 45. Qf2 Qe5+ 1/2-1/2

[Event "3rd Al Ain Chess Classic"]
[Site "Al-Ain UAE"]
[Date "2014.12.19"]
[Round "1.12"]
[White "Vaishali, R"]
[Black "Vidit, Santosh Gujrathi"]
[Result "0-1"]
[WhiteTitle "WFM"]
[BlackTitle "GM"]
[WhiteElo "2134"]
[BlackElo "2625"]
[WhiteFideId "5091756"]
[BlackFideId "5029465"]
[EventDate "2014.12.19"]

1. e4 c5 2. Nf3 e6 3. d4 cxd4 4. Nxd4 a6 5. Nc3 b5 6. Bd3 Ne7 7. O-O Nec6 8.
Nxc6 Nxc6 9. f4 Bb7 10. Be3 Be7 11. e5 d6 12. exd6 Qxd6 13. Ne4 Qd5 14. a4 Nb4
15. Qe2 Nxd3 16. cxd3 O-O 17. Rfc1 Rfc8 18. axb5 Qxb5 19. Rc4 Rxc4 20. dxc4 Qc6
21. Nd2 Rd8 22. Nf3 Qe4 23. Kf2 Rd3 24. c5 Rb3 25. Ra3 Rb5 26. Qd2 Rxc5 27. Bxc5
Bxc5+ 28. Kg3 Bxa3 29. bxa3 h6 30. Kf2 Bd5 31. h3 Qc4 32. Qe3 a5 33. Nd2 Qc2 34.
Qd4 Qc1 35. Qe3 a4 36. Nf1 Qb2+ 37. Nd2 Bb3 38. Kg3 Qxa3 39. Qc3 Qa2 40. h4 Bd5
41. h5 a3 42. f5 Qb2 43. Qc8+ Kh7 44. fxe6 Qxd2 0-1

[Event "3rd Al Ain Chess Classic"]
[Site "Al-Ain UAE"]
[Date "2014.12.19"]
[Round "1.13"]
[White "Oleksienko, Mikhailo"]
[Black "Sameir, Ramez"]
[Result "1-0"]
[WhiteTitle "GM"]
[WhiteElo "2621"]
[BlackElo "2128"]
[WhiteFideId "4152417"]
[BlackFideId "10606017"]
[EventDate "2014.12.19"]

1. e4 e6 2. d4 d5 3. Nd2 Nf6 4. e5 Nfd7 5. Bd3 c5 6. c3 Nc6 7. Ne2 Qb6 8. Nf3
cxd4 9. cxd4 f6 10. exf6 Nxf6 11. O-O Bd6 12. Bf4 Bxf4 13. Nxf4 Qxb2 14. Ng5 O-O
15. Rb1 Qxa2 16. Qc1 e5 17. Nxd5 Nxd5 18. Ra1 Qb3 19. Bc4 Qb6 20. Bxd5+ Kh8 21.
Nf7+ Rxf7 22. Bxf7 Nxd4 23. Re1 Bg4 24. Qg5 Qf6 25. Qxg4 Qxf7 26. Rxe5 Nc6 27.
Rf5 Qe7 28. Qf4 Re8 29. h3 Kg8 30. Qc4+ Qe6 31. Re1 1-0

[Event "3rd Al Ain Chess Classic"]
[Site "Al-Ain UAE"]
[Date "2014.12.19"]
[Round "1.14"]
[White "Raja, Harshit"]
[Black "Miroshnichenko, Evgenij"]
[Result "0-1"]
[BlackTitle "GM"]
[WhiteElo "2116"]
[BlackElo "2618"]
[WhiteFideId "5089000"]
[BlackFideId "14102595"]
[EventDate "2014.12.19"]

1. e4 d6 2. d4 Nf6 3. Nc3 e5 4. dxe5 dxe5 5. Qxd8+ Kxd8 6. Bg5 Be6 7. f4 exf4 8.
Nge2 Nd7 9. O-O-O Bd6 10. Bxf4 Bxf4+ 11. Nxf4 Ng4 12. Rd2 Ne5 13. Be2 c6 14. a4
a5 15. b3 Ke7 16. Kb2 Nc5 17. Ka3 f6 18. Rhd1 Bf7 19. Nd3 Nexd3 20. cxd3 Rhd8
21. Rb2 Rd4 22. b4 Nxa4 23. Nxa4 b5 24. Ra1 c5 25. Rc2 axb4+ 26. Kb2 bxa4 27.
Rxc5 a3+ 0-1

[Event "3rd Al Ain Chess Classic"]
[Site "Al-Ain UAE"]
[Date "2014.12.19"]
[Round "1.15"]
[White "Pashikian, Arman"]
[Black "Pujari, Rucha"]
[Result "1-0"]
[WhiteTitle "GM"]
[BlackTitle "WFM"]
[WhiteElo "2617"]
[BlackElo "2109"]
[WhiteFideId "13301578"]
[BlackFideId "5024528"]
[EventDate "2014.12.19"]

1. d4 d5 2. c4 e6 3. Nc3 Nf6 4. Nf3 Be7 5. Bf4 O-O 6. e3 Nbd7 7. c5 c6 8. h3 b6
9. b4 a5 10. a3 Ba6 11. Bxa6 Rxa6 12. b5 cxb5 13. c6 Qc8 14. c7 b4 15. Nb5 Ne4
16. O-O Nc3 17. Qd3 Nxb5 18. Qxb5 bxa3 19. Rfc1 Bb4 20. Rc2 Ra8 21. Rac1 h6 22.
Ne5 Nxe5 23. Bxe5 Kh7 24. f3 f6 25. Bg3 Qe8 26. Qxb6 Rc8 27. Qa6 Qa4 28. Qd3+
Kh8 29. Kh2 Qd7 30. Rc6 a2 31. Qc2 Bd2 32. Qxd2 a1=Q 33. Rxa1 Qxc6 34. Rxa5 Qb7
35. Rc5 Qb3 36. e4 Ra8 37. exd5 exd5 38. Qf4 Qb2 39. Be1 Qe2 40. Qf5 Rac8 41.
Bg3 Qf1 42. Rxd5 Ra8 43. Ra5 Rae8 44. Ra2 Rg8 45. Rc2 Qb1 46. d5 Ra8 47. d6 Ra1
48. Bf2 Qh1+ 49. Kg3 Qd1 50. c8=Q Qxd6+ 51. f4 1-0

[Event "3rd Al Ain Chess Classic"]
[Site "Al-Ain UAE"]
[Date "2014.12.19"]
[Round "1.16"]
[White "Praggnanandhaa, R"]
[Black "Onischuk, Vladimir"]
[Result "0-1"]
[WhiteTitle "FM"]
[BlackTitle "GM"]
[WhiteElo "2104"]
[BlackElo "2614"]
[WhiteFideId "25059530"]
[BlackFideId "14114038"]
[EventDate "2014.12.19"]

1. e4 d6 2. d4 Nf6 3. Nc3 g6 4. Bc4 Bg7 5. Nf3 O-O 6. O-O Nc6 7. d5 Na5 8. Be2
c5 9. Bf4 a6 10. a4 Bg4 11. Nd2 Bxe2 12. Qxe2 Nd7 13. Nd1 Rb8 14. c4 Qb6 15. Rb1
Nb3 16. Qd3 Nd4 17. Ne3 Qb4 18. b3 b5 19. axb5 axb5 20. Nc2 Qc3 21. Qxc3 Ne2+
22. Kh1 Nxc3 23. Rbe1 bxc4 24. bxc4 Rb2 25. Na3 Ra8 26. Ndb1 Nxb1 27. Nxb1 Raa2
28. Be3 Bd4 29. Rg1 Ne5 30. h3 h5 31. Bxd4 cxd4 32. Rd1 Rxf2 33. Rxd4 Nf3 34.
Rdd1 Nxg1 35. Rxg1 Rfc2 36. e5 dxe5 37. Kh2 h4 38. Kh1 e4 39. Kh2 e3 40. Kh1 f5
41. c5 Rxc5 42. Re1 f4 43. Rf1 g5 44. Re1 Rcc2 45. Rg1 f3 0-1

[Event "3rd Al Ain Chess Classic"]
[Site "Al-Ain UAE"]
[Date "2014.12.19"]
[Round "1.17"]
[White "Iordachescu, Viorel"]
[Black "Safarov, Zirva"]
[Result "1-0"]
[WhiteTitle "GM"]
[WhiteElo "2611"]
[BlackElo "2104"]
[WhiteFideId "13900200"]
[BlackFideId "13413040"]
[EventDate "2014.12.19"]

1. e4 e6 2. d4 d5 3. Nc3 Nf6 4. Bg5 Be7 5. e5 Nfd7 6. h4 a6 7. Qg4 f5 8. Qh5+ g6
9. Qh6 Bxg5 10. hxg5 Qe7 11. Nge2 Qf8 12. Qh4 Qg7 13. Nf4 Nf8 14. O-O-O Nbd7 15.
g4 fxg4 16. Qxg4 Nb6 17. Nd3 Bd7 18. Nc5 O-O-O 19. Qf4 Re8 20. a4 Re7 21. a5 Rf7
22. Qe3 Nc4 23. Bxc4 dxc4 24. d5 Rf5 25. Rhe1 Qe7 26. f4 Kb8 27. d6 Qd8 28. N3e4
c6 29. Nf6 Rxf6 30. exf6 Qxa5 31. Kb1 Qb4 32. Qd4 h5 33. c3 Qb5 34. Re5 Qb6 35.
f5 1-0

[Event "3rd Al Ain Chess Classic"]
[Site "Al-Ain UAE"]
[Date "2014.12.19"]
[Round "1.18"]
[White "Mammadova, Narmin"]
[Black "Sandipan, Chanda"]
[Result "1/2-1/2"]
[WhiteTitle "WCM"]
[BlackTitle "GM"]
[WhiteElo "2092"]
[BlackElo "2599"]
[WhiteFideId "13403710"]
[BlackFideId "5004225"]
[EventDate "2014.12.19"]

1. e4 e5 2. Nf3 Nc6 3. d4 exd4 4. Nxd4 Nf6 5. Nc3 d6 6. Be2 Be7 7. Be3 O-O 8.
O-O Bd7 9. f3 Re8 10. Bf2 Nxd4 11. Qxd4 Bc6 12. Bc4 Nd7 13. Nd5 Nb6 14. Nxe7+
Qxe7 15. Bb3 Rad8 16. Rfe1 Qg5 17. a4 a6 18. Rad1 Bxa4 19. Bxa4 c5 20. Qe3 Qxe3
21. Rxe3 Nxa4 22. b3 Nb6 23. Red3 Nc8 24. Bxc5 Re6 25. Ba3 Kf8 26. c4 Ke8 27. c5
Na7 28. cxd6 Kd7 29. Bc5 Nb5 30. Bb6 Rc8 31. Bc7 Rf8 32. Rc1 Rc8 33. Rcd1 Rf8
34. Rc1 Rfe8 35. Rcd1 h5 36. Kf2 g6 37. R1d2 Re5 38. Bb6 Rc8 39. Bd4 Nxd4 40.
Rxd4 Rb5 41. b4 Rc6 42. f4 f6 43. g3 Rcb6 44. Kf3 Rc6 45. Kf2 b6 46. Kg2 a5 47.
bxa5 bxa5 48. Rd5 Rcc5 49. Rxc5 Rxc5 50. Rd4 Rc8 51. e5 fxe5 52. fxe5 Re8 53.
Rd5 Ra8 54. Kf3 a4 55. Rd2 a3 56. Ra2 Ke6 57. Kf4 Ra5 58. h4 Rxe5 59. Rxa3 Rf5+
60. Ke3 Re5+ 61. Kf2 Rf5+ 62. Kg2 Rd5 1/2-1/2

[Event "3rd Al Ain Chess Classic"]
[Site "Al-Ain UAE"]
[Date "2014.12.19"]
[Round "1.19"]
[White "Volkov, Sergey"]
[Black "Bunyatov, Rustam"]
[Result "1-0"]
[WhiteTitle "GM"]
[BlackTitle "CM"]
[WhiteElo "2599"]
[BlackElo "2077"]
[WhiteFideId "4122763"]
[BlackFideId "13410210"]
[EventDate "2014.12.19"]

1. d4 Nf6 2. c4 g6 3. Nc3 Bg7 4. e4 d6 5. Be2 O-O 6. Nf3 e5 7. Be3 Nc6 8. d5 Ne7
9. Nd2 Nd7 10. b4 f5 11. f3 Nf6 12. c5 Nh5 13. Nc4 Nf4 14. Bf1 fxe4 15. fxe4 a6
16. a4 Kh8 17. g3 Nh5 18. Be2 Nf6 19. g4 Neg8 20. h4 Ne8 21. Ra2 a5 22. Nxa5
Rxa5 23. bxa5 dxc5 24. g5 Nd6 25. Bxc5 Rf4 26. Qd3 Bd7 27. Rb2 Qa8 28. a6 bxa6
29. Bxd6 cxd6 30. Qxa6 Qf8 31. Qa7 Qc8 32. Kd2 Bg4 33. Rb8 1-0

[Event "3rd Al Ain Chess Classic"]
[Site "Al-Ain UAE"]
[Date "2014.12.19"]
[Round "1.20"]
[White "Sultan, Ibrahim"]
[Black "Gopal, G.N."]
[Result "0-1"]
[WhiteTitle "FM"]
[BlackTitle "GM"]
[WhiteElo "2062"]
[BlackElo "2580"]
[WhiteFideId "9301143"]
[BlackFideId "5015693"]
[EventDate "2014.12.19"]

1. d4 Nf6 2. c4 g6 3. Nc3 d5 4. cxd5 Nxd5 5. e4 Nxc3 6. bxc3 Bg7 7. Bc4 c5 8.
Ne2 Nc6 9. Be3 O-O 10. O-O b6 11. Qd2 Bb7 12. Rad1 e6 13. e5 cxd4 14. cxd4 Rc8
15. Bd3 Qe7 16. Bg5 Qd7 17. Qf4 Nb4 18. Qh4 Nxd3 19. Rxd3 Ba6 20. Rh3 h5 21. Re3
Rc2 22. Re1 Rfc8 23. Ng3 R8c4 24. Rd3 Ra4 25. Nxh5 gxh5 26. Rde3 Qxd4 27. Re4
Qc3 28. Rd1 Rxe4 29. Qxe4 Re2 30. Qb1 Bd3 0-1

[Event "3rd Al Ain Chess Classic"]
[Site "Al-Ain UAE"]
[Date "2014.12.19"]
[Round "1.21"]
[White "Parligras, Mircea-Emilian"]
[Black "Mokal, Amruta Sunil"]
[Result "1-0"]
[WhiteTitle "GM"]
[WhiteElo "2580"]
[BlackElo "2054"]
[WhiteFideId "1204297"]
[BlackFideId "5016371"]
[EventDate "2014.12.19"]

1. e4 c5 2. Nf3 e6 3. d4 cxd4 4. Nxd4 a6 5. Nc3 Qc7 6. Bd3 Nf6 7. f4 Bb4 8. O-O
Bc5 9. Be3 Nc6 10. Nf5 Qb6 11. Nxg7+ Kf8 12. Bxc5+ Qxc5+ 13. Kh1 Kxg7 14. e5
Nxe5 15. fxe5 Qxe5 16. Qf3 d5 17. Rf2 Rf8 18. Raf1 Nd7 19. Qg4+ Kh8 20. Rxf7
Rxf7 21. Rxf7 Qe1+ 22. Bf1 1-0

[Event "3rd Al Ain Chess Classic"]
[Site "Al-Ain UAE"]
[Date "2014.12.19"]
[Round "1.22"]
[White "Amer, Mohammed Bishara"]
[Black "Ter-Sahakyan, Samvel"]
[Result "0-1"]
[BlackTitle "GM"]
[WhiteElo "1955"]
[BlackElo "2580"]
[WhiteFideId "12200719"]
[BlackFideId "13302531"]
[EventDate "2014.12.19"]

1. e4 c5 2. Nf3 d6 3. d4 cxd4 4. Nxd4 Nf6 5. Nc3 a6 6. Bd3 Nc6 7. Be3 g6 8. h3
Bg7 9. Nde2 O-O 10. O-O b5 11. f4 Bb7 12. a3 Rc8 13. Qe1 Na5 14. Rb1 Nc4 15. Bf2
Qc7 16. Ng3 Nd7 17. Nd5 Bxd5 18. exd5 Nxb2 19. Qxe7 Nc5 20. Qe2 Ncxd3 21. cxd3
Qc2 22. Qxc2 Rxc2 23. Ne4 Nxd3 24. Bb6 Rb8 25. Ba5 Re8 26. Rbd1 Rxe4 27. Rxd3
Ree2 28. Rg3 Bf6 29. Kh1 h5 30. Re1 Rxe1+ 31. Bxe1 Rc1 32. Re3 Bh4 33. g3 Bxg3
34. Rxg3 Rxe1+ 35. Kg2 Rd1 36. Rg5 Kg7 37. f5 Kf6 38. fxg6 fxg6 39. h4 Rd3 40.
Kf2 Rxa3 41. Rg1 Rd3 42. Ra1 Rxd5 43. Rxa6 Rd4 44. Kg3 Rg4+ 45. Kf3 Ke6 0-1

[Event "3rd Al Ain Chess Classic"]
[Site "Al-Ain UAE"]
[Date "2014.12.19"]
[Round "1.23"]
[White "Kovchan, Alexander"]
[Black "Mohammed, Tarig Elther"]
[Result "1-0"]
[WhiteTitle "GM"]
[WhiteElo "2569"]
[BlackElo "2044"]
[WhiteFideId "14103052"]
[BlackFideId "12200964"]
[EventDate "2014.12.19"]

1. e4 c5 2. Nf3 e6 3. d4 cxd4 4. Nxd4 a6 5. Bd3 b5 6. O-O Qc7 7. a4 bxa4 8. Rxa4
Bb7 9. Qe2 Bd6 10. Kh1 Ne7 11. f4 Nec6 12. Nb3 Nb4 13. Bc4 O-O 14. c3 N4c6 15.
Be3 Rc8 16. N1d2 Bf8 17. Rfa1 d6 18. Bd3 d5 19. exd5 exd5 20. Nf3 Re8 21. Bxh7+
Kxh7 22. Ng5+ Kg8 23. Qh5 Bd6 24. Bb6 Qd7 25. Qh7+ Kf8 26. Qh8+ Ke7 27. Re1+ Kf6
28. Rxe8 Qf5 29. Qh5 1-0